Sports Quiz

Random Sports or WWE Quiz

All WWE PPV's Quiz Stats

Quiz not verified by Sporcle

Challenge
Share
Tweet
Embed
Score 0/43 Timer 10:00
0 Plays Today
Years PPV % Correct
1985-presentWrestleMania
96.3%
1988-presentSummerSlam
94.4%
1989-presentRoyal Rumble
94.4%
1987-presentSurvivor Series
91.4%
2015-PresentFastlane
77.3%
2009-PresentHell in a Cell
76.5%
2010-2015Elimination Chamber
74.7%
2009-PresentTLC: Tables, Ladders, and Chairs
73.5%
2005-PresentOne Night Stand
72.8%
1999-2009Backlash
71.6%
1995-1999In Your House
70.4%
2010-PresentMoney in the Bank
70.4%
2007-PresentNight of Champions
68.5%
2014-PresentPayback
67.3%
2000-2009, 2012No Way Out
65.4%
1993-2002King of the Ring
62.3%
1999-2008Armageddon
61.1%
2013-PresentBattleground
57.4%
2004-2009The Great American Bash
53.1%
1999-2008No Mercy
51.9%
1997, 2003-2004Badd Blood
50%
2009-2010Bragging Rights
46.9%
Years PPV % Correct
2001-2007, 2011Vengeance
45.7%
1998-2008Unforgiven
43.8%
1998-2009Judgment Day
43.2%
2010Fatal 4-Way
42%
2001Invasion
41.4%
2006-2008Cyber Sunday
41.4%
1985The Wrestling Classic
40.1%
2010-2012Over the Limit
40.1%
2011Capitol Punishment
38.9%
1998-1999Over the Edge
38.3%
1998-2000Fully Loaded
38.3%
2004-2005Taboo Tuesday
36.4%
2005-2007New Year's Revolution
34.6%
2006December to Dismember
33.3%
1991This Tuesday in Texas
32.1%
1998Rock Bottom
28.4%
1998Capital Carnage
25.9%
2009Breaking Point
25.5%
2000-2003Insurrextion
25.3%
1999St. Valentine's Day Massacre
23.5%
1989No Holds Barred
21%

You're not logged in!

Compare scores with friends on all Sporcle quizzes.
Sign Up with Email
OR
Log In

You Might Also Like...

Show Comments

Extras

Top Quizzes Today


Score Distribution

Your Account Isn't Verified!

In order to create a playlist on Sporcle, you need to verify the email address you used during registration. Go to your Sporcle Settings to finish the process.